Countries Elton John has visited - Statistics

General Stats
  • This quiz has been taken 103 times
  • The average score is 59 of 69
Answer Stats
Continent Country % Correct
Oceania Australia
100%
Asia Japan
100%
South America Argentina
99%
South America Brazil
98%
North America Canada
98%
Asia/ Europe Russia
98%
Europe United Kingdom
98%
Asia China
96%
Europe Spain
96%
Europe Italy
95%
Europe Sweden
95%
North America United States of America
95%
Europe Austria
94%
Europe Finland
94%
Europe Portugal
94%
Europe Belgium
93%
Europe France
93%
Europe Germany
93%
North America Mexico
93%
Oceania New Zealand
93%
Europe Norway
93%
Europe Ireland
92%
Europe Switzerland
92%
Europe the Netherlands
92%
South America Colombia
90%
Europe Greece
90%
Africa South Africa
90%
Asia South Korea
90%
Asia/ Europe Turkey
90%
South America Chile
89%
Europe Denmark
89%
Europe Croatia
88%
Europe Czech Republic
86%
Europe Estonia
86%
Europe Iceland
86%
Europe Latvia
86%
Europe Ukraine
86%
South America Uruguay
86%
South America Peru
85%
Europe Bulgaria
83%
Europe Hungary
83%
Europe Luxembourg
83%
South America Venezuela
83%
Europe Slovakia
82%
Asia Thailand
82%
Europe Belarus
81%
South America Ecuador
81%
Europe Monaco
81%
Europe Poland
81%
Europe Romania
81%
Asia Israel
80%
Europe Lithuania
80%
Asia Malaysia
80%
North America Panama
80%
Europe Serbia
80%
Asia United Arab Emirates
80%
South America Paraguay
77%
Asia Taiwan
77%
Asia Singapore
76%
Asia the Philippines
76%
Europe Cyprus
75%
Europe Malta
75%
Europe Bosnia and Herzegovina
74%
Africa Morocco
74%
North America Costa Rica
73%
Asia Azerbaijan
67%
North America Dominican Republic
65%
Asia Lebanon
63%
Asia Georgia
60%
No matching quizzes found
Score Distribution
Percent of People with Each Score
Percentile by Number Answered
Your Score History
You have not taken this quiz